00750nam a2200157Ia 450000500170000000800410001708200130005810000240007124500560009526000500015130000120020150002630021394200060047695200950048299900150057720240408082938.0240331s9999 xx 000 0 und d bDESa331 ade Silva, B.M. Eric 0aWhat every employer should knowcEric B,M, de Silva aSri Lanka :bLecturer in Management Studies / a61 p ., aThis Hand book titled " What every Employer Should know" is an attempt to fulfil this long felt need. The contents have been indexed alphabetically to provide ready and easy reference on any particular subject to which an employer wishes to make a reference. cL 001040708LaWERCLbWERCLcSSCd2024-03-31l0o 331 DESp3647r2024-03-31w2024-03-31yL c2706d2706